[Event "POL-chT 1st League"]
[Site "Szklarska Poreba"]
[Date "2021.09.04"]
[Round "1.2"]
[White "Bielczyk, Jacek"]
[Black "Pierzak, Rafael"]
[Result "1/2-1/2"]
[WhiteElo "2264"]
[BlackElo "1936"]
[PlyCount "81"]
[EventDate "2021.09.04"]
[EventType "team-swiss"]
[EventRounds "9"]
[EventCountry "POL"]
[SourceTitle "CBM 204 Extra"]
[Source "ChessBase"]
[SourceDate "2021.11.30"]
[SourceVersion "1"]
[SourceVersionDate "2021.11.30"]
[SourceQuality "1"]
[WhiteTeam "Chrzanow Olimpijczyk"]
[BlackTeam "Dabrowa Gornicza Zaglebie"]
[WhiteTeamCountry "POL"]
[BlackTeamCountry "POL"]

1. e4 c6 2. d4 d5 3. exd5 cxd5 4. Bd3 Nc6 5. c3 Qc7 6. h3 e5 7. dxe5 Qxe5+ 8. Qe2 Qxe2+ 9. Nxe2 Bd6 10. 0-0 Nge7 11. Bf4 Be5 12. Re1 f6 13. Na3 a6 14. Nc2 Kf7 15. Rad1 Rd8 16. Be3 Bc7 17. Bc5 b6 18. Ba3 Bf5 19. Bxf5 Nxf5 20. Ned4 Nfxd4 21. Nxd4 Nxd4 22. Re7+ Kg8 23. Rxd4 Bd6 24. Bxd6 Rxd6 25. Rg4 g6 26. Rh4 h5 27. g4 d4 28. gxh5 dxc3 29. bxc3 gxh5 30. Rxh5 Rc8 31. Rhh7 Rxc3 32. h4 Rc1+ 33. Kg2 Rc2 34. Rhg7+ Kh8 35. Rgf7 Kg8 36. h5 f5 37. Rxf5 Rxa2 38. Rb7 Ra5 39. Rxb6 Rxf5 40. Rxd6 Rxh5 41. Rxa6 1/2-1/2

[Event "GER GM08-B email"]
[Site "GER email"]
[Date "2019.06.19"]
[Round "?"]
[White "Pierzak, Rafael"]
[Black "Tashkov, Rumen"]
[Result "1/2-1/2"]
[WhiteElo "2522"]
[BlackElo "2511"]
[PlyCount "57"]
[EventDate "2019.??.??"]
[EventType "tourn (corr)"]
[EventRounds "13"]
[EventCountry "GER"]
[SourceTitle "Corr 2022"]
[Source "ChessBase"]
[SourceDate "2021.10.24"]
[SourceVersion "1"]
[SourceVersionDate "2021.10.24"]
[SourceQuality "1"]

1. d4 Nf6 2. c4 g6 3. f3 Bg7 4. e4 d6 5. Nc3 0-0 6. Be3 c5 7. Nge2 Nc6 8. d5 Na5 9. Ng3 a6 10. Rb1 e6 11. Qd2 b5 12. dxe6 Bxe6 13. cxb5 Re8 14. Rd1 Bc4 15. b3 Bxf1 16. Kxf1 axb5 17. Nxb5 d5 18. Bf4 Nc6 19. Nc7 dxe4 20. Nxe8 Qxe8 21. Re1 Nd4 22. Nxe4 Qb5+ 23. Kf2 Nd5 24. a4 Qxb3 25. Rb1 Qxa4 26. Nxc5 Qc6 27. Rhc1 Nf5 28. Ne4 Bd4+ 29. Qxd4 1/2-1/2